One Piece ! Can you answer all these questions?! - Statistics

General Stats
  • This quiz has been taken 877 times
  • The average score is 31 of 50
Answer Stats
Hint Answer % Correct
Who gave his hat to Luffy? Akagami no Shanks
99%
How many sibling does Sanji have? 4
88%
What's the name of the Empress madly in love with Luffy? Boa Hancock
85%
Who joined the crew on Thriller Bark? Brook
84%
He is a cook and a prince of Germa 66 Vinsmoke Sanji
84%
Which member betrayed Big Mom to join Luffy's crew? Jinbe
83%
Who's Sogeking? Unknown
83%
Who's father sails with Shanks? Usopp
83%
Who smokes two cigars at once? Admiral Smoker
82%
She survived the Ohara disaster as a child Nico Robin
82%
He was Rouge's lover, Ace's father and the King of the Pirates Gol D. Roger
80%
Who's the youngest member of the Mugiwara? Tony Tony Chopper
80%
Where was Ace and Jinbe jailed ? Impel Down
79%
Who taught Haki to Luffy? Rayleigh
79%
Complete this list : Monkey D. Luffy, Monkey D. Dragon, .... Monkey D. Garp
78%
Who's the girl Luffy punched in Alabasta? Nefertari D. Vivi
77%
Complete this list : Portgas D. Ace, Monkey D. Luffy, ... Sabo
77%
What does "Mugiwara" means? Strawhat
77%
Who sold Ace to the Marine? Marshall D. Teach
76%
Who was known as Cutty Flam ? Franky
75%
Who's Usopp's girlfriend? Kaya
75%
He wished he could see Luffy's face if he wasn't blind <3 Admiral Fujitora
73%
Who's the only member Zoro lend his swords to/for? Nami
73%
Who saved Nami from Miss DoubleFinger and Mr.1? Roronoa Zoro
73%
Who's the first villain Nami, Zoro and Luffy encounter? Buggy the clown
72%
What is the name of the cutest whale, still waiting on Red Line? Laboon
72%
Which Shishibukai is theorically Luffy's mom? Crocodile
71%
On what island does Kinemon appear first? Punk Hazard
71%
On what island did the Mugiwara found Chopper? Drum Island
70%
What was Zoro's girl friend/cousin name? Kuina Shimotsuki
68%
He was Big Mom's cloud but now he belongs to Nami Zeus
66%
He was a father of thousand of people but only had one child. Edward Newgate
64%
Thanks to who did Zoro arrived first on Saboundy Island? Perona
64%
In a 1 vs 1, they say to always bet on him Kaido
62%
Who's the captain who join temporary Mugiwara's crew? Trafalgar D. Water Law
59%
He's considered the previous answer's father Bartholomew Kuma
57%
Who saved Zoro from a Celestial Dragon on Saboundy? Jewerly Bonney
57%
How long did Brook spend alone on his ship? 50 years
52%
Who is the monarch of the Queendom? Emporio Ivankov
51%
What is the only food Luffy hate? Cherry pie
39%
What is the name of the Cocoyashis sheriff? Genzo
35%
He has red hair, a scar on the left eye and a missing arm Eustass Kidd
33%
Which Big Mom's child made Luffy blush? Charlotte Brulée
31%
What is Camie's starfish friend's name? Pappag
30%
Who almost died, shot by Captain Usopp on Saboundy? Admiral Kizaru
21%
He was the worse villain of the saga Foxy
21%
What are Oden's children names? Momonuske and Hiyori
19%
Who is Neptune's and Otohime's daughter? Shiraoshi
13%
Which members of the crew have matching t-shirts on PunkHazard? Robin and Franky
9%
What animal did Luffy fight on Amazon Lily Bakura the Black Panther
8%
No matching quizzes found
Score Distribution
Percent of People with Each Score
Percentile by Number Answered
Your Score History
You have not taken this quiz